| 000 | 00568nam a2200181Ia 4500 | ||
|---|---|---|---|
| 008 | 151202s9999||||xx |||||||||||||| ||und|| | ||
| 082 | _bPNVM-66648 | ||
| 100 | _aकुंटे माधवी. | ||
| 245 | _aमी एक खलाशी. | ||
| 260 | _b"मनमोहिनी प्रकाशन,पुणे." | ||
| 260 | _c1989 | ||
| 300 | _a186 | ||
| 600 | _aकुंटे माधवी. | ||
| 630 | _aमी एक खलाशी. | ||
| 700 | _aकुंटे माधवी. | ||
| 730 | _aमी एक खलाशी. | ||
| 942 | _cBOOK | ||
| 999 |
_c1333180 _d1333177 |
||